OWCS 2025 - Stage 1 NA - Statistics

General Stats
  • This quiz has been taken 81 times
  • The average score is 28 of 49
Answer Stats
Team Hint Answer % Correct
Spacestation Gaming DPS Sugarfree
100%
Spacestation Gaming DPS seeker
99%
Team Liquid Support Vega
99%
Spacestation Gaming Support Cjay
97%
Team Liquid Tank Infekted
97%
Team Liquid Support Rupal
97%
Team Liquid DPS TR33
96%
Spacestation Gaming Tank Kellan
94%
Spacestation Gaming Support Bliss
92%
Team Liquid DPS KNIFE
89%
Timeless DPS Rokit
85%
NTMR Support UltraViolet
85%
Timeless DPS Chopper
82%
NTMR Tank CLEAR
81%
Timeless Tank Raikker
79%
NTMR Support Admiral
78%
NTMR DPS zeruhh
78%
Timeless Support Lukemino
75%
NTMR Tank cuFFa
74%
Timeless Support squid
74%
NTMR DPS Lethal
68%
Amplify DPS Fone
60%
Avidity DPS wub
58%
NTMR DPS Vision
54%
Avidity DPS xomba
46%
Rad Esports DPS k1ng
44%
Amplify DPS Winter
42%
Shikigami Support Graveyard
40%
Rad Esports Support Lep
38%
Rad Esports DPS Kronik
36%
Rad Esports Tank Painkiller
36%
Shikigami Tank Solo
35%
Rad Esports Support zzz
35%
Amplify Tank GAP
33%
Rad Esports DPS peace
33%
Rad Esports Tank Zeb
33%
Shikigami DPS Danny
32%
Amplify Support CrazyCat
31%
Avidity Support NenWhy
31%
Shikigami DPS Drunk
28%
Amplify Support Ewan
28%
Avidity Tank TwolzZ
28%
Shikigami Support Rajeem
26%
Avidity Support scuffed
26%
Shikigami DPS Arise
24%
Avidity DPS nvm
21%
Avidity Tank pela
21%
Amplify Support SoloZen
17%
Amplify DPS Chicken
15%
No matching quizzes found
Score Distribution
Percent of People with Each Score
Percentile by Number Answered
Your Score History
You have not taken this quiz